000 00715aam a2200229 4500
999 _c33373
_d33373
001 2561
003 CO-MdFUSB
005 20171110084546.0
008 170407t1969 xxu||||| |||| 00| 0 eng d
040 _aCO-MdFUSB
_bspa
_cCO-MdFUSB
_dCO-MdFUSBC
_erda
041 0 _aeng
082 0 4 _aG 225.6 W2561h
100 1 _aWard, Ronald A. (Arthur)
_eautor
245 1 0 _aHidden meaning in the New Testament
_b: New light from the old greek
_c/ Ronald A. Ward
264 4 _aOld Tappan, N.J., USA:
_b Fleming H. Revell,
_c© 1969
300 _a190 Pag
336 _2rdacontent
_atexto
_btxt
337 _2rdamedia
_asin mediación
_bn
338 _2rdacarrier
_avolumen
_bnc
630 0 7 _aBiblia.
_pNuevo Testamento
942 _cBK